Statistics for Dragon Ball Super: Tournament of Power Fighters

Click here to take the quiz!

General Stats

  • This quiz has been taken 688 times
    (575 since last reset)
  • The average score is 29 of 83

Answer Stats

% Correct
Universe 7Goku
97%
Universe 7Vegeta
94%
Universe 7Android 17
93%
Universe 7Gohan
93%
Universe 7Frieza
92%
Universe 7Android 18
92%
Universe 7Krillin
91%
Universe 11Jiren
90%
Universe 7Piccolo
88%
Universe 7Master Roshi
87%
Universe 7Tien
86%
Universe 11Toppo
82%
Universe 6Hit
81%
Universe 6Kale
79%
Universe 6Cabba
74%
Universe 6Caulifla
69%
Universe 11Dyspo
63%
Universe 6Frost
58%
Universe 6Kefla
55%
Universe 2Brianne de Chateau
50%
Universe 6Botamo
49%
Universe 6Auta Magetta
47%
Universe 9Bergamo
44%
Universe 9Basil
40%
Universe 9Lavender
38%
Universe 6Dr. Rota
32%
Universe 3Maji=Kayo
30%
Universe 2Su Roas
29%
Universe 2Sanka Ku
28%
Universe 6Pirina
28%
Universe 6Saonel
27%
Universe 11Cocotte
25%
Universe 3Anilaza
23%
Universe 3Paparoni
23%
Universe 11Tupper
22%
Universe 9Hop
21%
Universe 4Damon
21%
Universe 2Vikal
20%
Universe 2Zarbuto
20%
Universe 2Zirloin
19%
Universe 2Rabanra
19%
Universe 9Oregano
19%
Universe 4Nink
19%
Universe 2Prum
19%
Universe 4Gamisaras
19%
Universe 11Kunshi
19%
Universe 10Obuni
19%
Universe 11Kahseral
18%
Universe 10Napapa
18%
Universe 11Zoiray
18%
Universe 4Ganos
18%
Universe 2Jimeze
18%
Universe 9Sorrel
17%
Universe 9Chappil
17%
Universe 4Caway
17%
Universe 4Monna
17%
Universe 11Vuon
17%
Universe 11Kettol
16%
Universe 3Narirama
16%
Universe 9Comfrey
16%
Universe 3Panchia
16%
Universe 3The Preecho
16%
Universe 3Bollarator
16%
Universe 2Hermila
16%
Universe 9Hyssop
16%
Universe 3Nigrisshi
15%
Universe 10Rubalt
15%
Universe 3Katopesla
15%
Universe 4Shantza
14%
Universe 4Shosa
14%
Universe 4Dercori
14%
Universe 4Majora
14%
Universe 10Murichim
14%
Universe 9Roselle
14%
Universe 3Viara
13%
Universe 3Koitsukai
13%
Universe 10Lilibeu
13%
Universe 10Jirasen
13%
Universe 10Murisam
12%
Universe 10Methiop
12%
Universe 10Jium
12%
Universe 10Jilcol
12%
Universe 3Koichiarator
8%

Score Distribution

Percentile by Number Answered

Percent of People with Each Score

Your Score History

You have not taken this quiz since the last reset